000 02114cam a2200313 i 4500
999 _c10873
_d10873
001 19464384
005 20180925132819.0
008 170126s2017 nyu b 001 0 eng
010 _a 2016044336
020 _a978*1-138-18341-4 (pbk. : alk. paper)
040 _aDLC
_beng
_cDLC
_erda
_dDLC
042 _apcc
050 0 0 _aHJ2005
_b.S349 2017
082 0 0 _aDC 352.4
_22017
_bSa38
100 1 _aSchiavo-Campo, Salvatore,
_eauthor.
_931628
245 1 0 _aGovernment budgeting and expenditure management :
_bprinciples and international practice /
_cSalvatore Schiavo-Campo.
260 _aNew York :
_bRoutledge ,
_c©2017.
300 _axxv, 390 pages ;
_c26 cm
504 _aIncludes bibliographical references and index.
505 0 _aThe government budget : mirror of society's choices -- Budgeting objectives, systems, budget classification and the legal framework -- Budget coverage, extra-budgetary operations and tax expenditures -- Fiscal risk, fiscal responsibility and fiscal rules -- Budgeting in macroeconomic and fiscal perspective -- Preparation and approval of the budget -- Budgeting and managing public investment -- Budget execution : compliance, adaptability, efficiency -- Public procurement -- Financing the budget : debt and aid management -- Accountability for the money : accounting, reporting and audit -- Accountability for the results : performance, monitoring and evaluation -- Reforming and strengthening public financial mangement -- Fiscal decentralization and budgeting at subnational government level -- Reconstructing public financial institutions in fragile and conflict-affected states -- Corruption and public sector management -- "Black boxes" : extractive revenue and military expenditure.
650 0 _aBudget.
_931629
650 0 _aBudget process.
_931630
650 0 _aExpenditures, Public.
_931631
650 0 _aGovernment spending policy.
_931632
365 _b5,598.00
_cPhp
906 _a7
_bcbc
_corignew
_d1
_eecip
_f20
_gy-gencatlg
942 _2ddc
_cDC